| 000 | nam a22 7a 4500 | ||
|---|---|---|---|
| 999 |
_c29468 _d29468 |
||
| 008 | 180103b xxu||||| |||| 00| 0 eng d | ||
| 020 | _a9966776300003 | ||
| 050 |
_aBR65 _b.A64T36 2017 |
||
| 100 | _aTanda Fuka Nui | ||
| 245 |
_aChristians at Crossroads : _bChallenging Dogmatic Assumption/ _cFuka N. Tanda |
||
| 260 |
_aKenya,NRB. : _bDowntown printers and Publishers, _c2017 |
||
| 300 |
_axii,230p. ; _c20cm |
||
| 650 |
_aReligion _xChristianity _yAssumptions _zChallenges |
||
| 942 |
_2lcc _cAFRICANA _hBR65 .A64T36 2017 _07 |
||